00314 a2200133 450000100060000002000220000604000240002810000220005224000310007424500260010530000090013136200090014065000310014947565 a978-85-61695-53-8 cAnchieta - Aquarius aPotiguara, Eliane10aO pássaro encantadolpor10aO pássaro encantado a32p.0 a2014 4aLiteratura infanto-juvenil